<?xml version="1.0" encoding="UTF-8"?>
<record
    xmlns:xsi="http://www.w3.org/2001/XMLSchema-instance"
    xsi:schemaLocation="http://www.loc.gov/MARC21/slim http://www.loc.gov/standards/marcxml/schema/MARC21slim.xsd"
    xmlns="http://www.loc.gov/MARC21/slim">

  <leader>05854nam a2200469 a 4500</leader>
  <controlfield tag="003">CHAP</controlfield>
  <controlfield tag="005">20250506111110.0</controlfield>
  <controlfield tag="007">ta</controlfield>
  <controlfield tag="008">230718s2022    mx ado|fom||| 001 0 spa d</controlfield>
  <datafield tag="040" ind1=" " ind2=" ">
    <subfield code="e">rda</subfield>
  </datafield>
  <datafield tag="100" ind1="1" ind2=" ">
    <subfield code="9">187612</subfield>
    <subfield code="a">Estrada Fabi&#xE1;n, Lilia Lucia</subfield>
  </datafield>
  <datafield tag="240" ind1="1" ind2="0">
    <subfield code="a">Obtaining and characterizing protein hydrolysates from ayocote beans.</subfield>
    <subfield code="l">Espa&#xF1;ol</subfield>
  </datafield>
  <datafield tag="245" ind1="1" ind2="0">
    <subfield code="a">Obtenci&#xF3;n de hidrolizados proteicos de frijol ayocote y su caracterizaci&#xF3;n / </subfield>
    <subfield code="c">Lilia Lucia Estrada Fabi&#xE1;n</subfield>
  </datafield>
  <datafield tag="264" ind1=" " ind2=" ">
    <subfield code="a">Chapingo, M&#xE9;xico :</subfield>
    <subfield code="b">El autor,</subfield>
    <subfield code="c">2022</subfield>
  </datafield>
  <datafield tag="300" ind1=" " ind2=" ">
    <subfield code="a">1 recurso en l&#xED;nea (en varias paginaciones) :</subfield>
    <subfield code="b">ilustraciones, tablas, gr&#xE1;ficas, fotos</subfield>
  </datafield>
  <datafield tag="336" ind1=" " ind2=" ">
    <subfield code="2">rdacontent</subfield>
    <subfield code="a">texto</subfield>
    <subfield code="b">txt</subfield>
  </datafield>
  <datafield tag="337" ind1=" " ind2=" ">
    <subfield code="2">rdamedia</subfield>
    <subfield code="a">computadora</subfield>
    <subfield code="b">c</subfield>
  </datafield>
  <datafield tag="338" ind1=" " ind2=" ">
    <subfield code="2">rdacarrier</subfield>
    <subfield code="a">recurso en l&#xED;nea</subfield>
    <subfield code="b">cr</subfield>
  </datafield>
  <datafield tag="502" ind1=" " ind2=" ">
    <subfield code="a">Tesis</subfield>
    <subfield code="b">MCTA</subfield>
    <subfield code="c">Agroindustrias</subfield>
    <subfield code="d">2022</subfield>
    <subfield code="g">MAE</subfield>
  </datafield>
  <datafield tag="504" ind1=" " ind2=" ">
    <subfield code="a">Incluye bibliograf&#xED;as </subfield>
  </datafield>
  <datafield tag="520" ind1="3" ind2=" ">
    <subfield code="a">Actualmente, debido al mayor conocimiento y conciencia de los ingredientes de los alimentos y la preferencia de consumo de alimentos que no afectan al medio ambiente, m&#xE1;s personas eligen consumir prote&#xED;nas de origen vegetal. El frijol es considerado como una alternativa de fuente de prote&#xED;nas econ&#xF3;micas con un perfil completo de amino&#xE1;cidos, actividad biol&#xF3;gica y propiedades funcionales. Sin embargo, no existe suficiente informaci&#xF3;n acerca de las prote&#xED;nas del frijol ayocote (Phaseolus coccineus L.). Por lo anterior, el objetivo del presente trabajo fue evaluar las propiedades tecno-funcionales de las prote&#xED;nas del frijol ayocote y su actividad biol&#xF3;gica, as&#xED; como de sus hidrolizados, los cuales se obtuvieron mediante una hidr&#xF3;lisis secuencial con pepsina y pancreatina. Como resultado, las prote&#xED;nas presentaron propiedades espumante, emulsificante y gelificante. Se observ&#xF3; un aumento significativo en la capacidad espumante de las prote&#xED;nas de frijol tratado t&#xE9;rmicamente, mientras que la capacidad emulsionante fue influenciada por la solubilidad de las prote&#xED;nas. A pH 7 se observ&#xF3; la formaci&#xF3;n de geles con una concentraci&#xF3;n m&#xED;nima de gelificaci&#xF3;n de 12 % (p/v). Por su parte, las prote&#xED;nas y sus hidrolizados presentaron actividad antioxidante sobre los radicales DPPH y ABTS, mayor actividad en los hidrolizados de frijol que fue sometido a tratamiento t&#xE9;rmico, as&#xED; mismo, todas las muestras presentaron concentraciones de compuestos fen&#xF3;licos, los cuales pudieron haber contribuido con la actividad antioxidante. Por otra parte, las prote&#xED;nas y sus hidrolizados presentaron inhibici&#xF3;n sobre la enzima convertidora de angiotensina I (ECA-I), mayor actividad en la muestra sin hidrolizar. Se concluy&#xF3; que las prote&#xED;nas del frijol ayocote pueden ser una alternativa para ser incorporadas en matrices alimentarias con el objetivo de mejorar sus propiedades f&#xED;sicas, adem&#xE1;s al presentar actividad biol&#xF3;gica pueden ser incorporados en alimentos para atribuirles propiedades nutrac&#xE9;uticas.</subfield>
  </datafield>
  <datafield tag="520" ind1="3" ind2=" ">
    <subfield code="a">Currently, due to the increased knowledge and awareness of food ingredients and the preference to consume environmentally friendly foods, more people are choosing to consume plant-based proteins. Beans are considered an affordable alternative protein source with a full profile of amino acids, biological activity, and functional properties. However, no sufficient information on the proteins of the ayocote bean (Phaseolus coccineus L.) is available. Therefore, this paper aims to evaluate the techno-functional properties of the proteins of the ayocote bean and its biological activity, as well as its hydrolysates which were obtained by sequential hydrolysis with pepsin and pancreatin. As a result, the proteins exhibited foaming, emulsifying and gelling properties. A significant increase in the foaming capacity of heat treated bean proteins was observed, while the emulsifying capacity was influenced by protein solubility. At pH 7, gel formation was observed with a minimum gelation concentration of 12 % (w/v). Proteins and their hydrolysates showed antioxidant activity on DPPH and ABTS radicals, with greater activity in bean hydrolysates that were subjected to heat treatment; likewise, all samples showed concentrations of phenolic compounds, which could have contributed to the antioxidant activity. On the other hand, the proteins and their hydrolysates showed inhibition of angiotensin I-converting enzyme (ACE-I), with greater activity in the unhydrolyzed sample. It was concluded that ayocote bean proteins can be an alternative to be incorporated in food matrices with the objective of improving their physical properties, in addition to presenting biological activity, they can be incorporated in foods to attribute nutraceutical properties to them</subfield>
  </datafield>
  <datafield tag="650" ind1="1" ind2="3">
    <subfield code="9">187652</subfield>
    <subfield code="a">Hidrolizados de prote&#xED;na</subfield>
  </datafield>
  <datafield tag="650" ind1="1" ind2="3">
    <subfield code="9">87773</subfield>
    <subfield code="a">Phaseolus coccineus</subfield>
    <subfield code="x">Propiedades fisicoqu&#xED;micas</subfield>
  </datafield>
  <datafield tag="650" ind1="1" ind2="3">
    <subfield code="9">87773</subfield>
    <subfield code="a">Phaseolus coccineus</subfield>
    <subfield code="x">Propiedades rheol&#xF3;gicas</subfield>
  </datafield>
  <datafield tag="650" ind1="1" ind2="3">
    <subfield code="9">87773</subfield>
    <subfield code="a">Phaseolus coccineus</subfield>
    <subfield code="x">Propiedades emulsionantes</subfield>
  </datafield>
  <datafield tag="650" ind1="1" ind2="3">
    <subfield code="9">87773</subfield>
    <subfield code="a">Phaseolus coccineus</subfield>
    <subfield code="x">Valor nutritivo</subfield>
  </datafield>
  <datafield tag="650" ind1="1" ind2="7">
    <subfield code="9">92446</subfield>
    <subfield code="a">Prote&#xED;nas</subfield>
    <subfield code="x">Efecto antihipertensivo</subfield>
  </datafield>
  <datafield tag="650" ind1="1" ind2="7">
    <subfield code="9">92446</subfield>
    <subfield code="a">Prote&#xED;nas</subfield>
    <subfield code="x">Actividad antioxidante</subfield>
  </datafield>
  <datafield tag="650" ind1="1" ind2="3">
    <subfield code="9">151493</subfield>
    <subfield code="a">Protein hydrolysates  </subfield>
  </datafield>
  <datafield tag="650" ind1="1" ind2="3">
    <subfield code="9">87773</subfield>
    <subfield code="a">Phaseolus coccineus</subfield>
    <subfield code="x">Physicochemical properties</subfield>
  </datafield>
  <datafield tag="650" ind1="1" ind2="3">
    <subfield code="9">87773</subfield>
    <subfield code="a">Phaseolus coccineus</subfield>
    <subfield code="x">Rheological properties</subfield>
  </datafield>
  <datafield tag="650" ind1="1" ind2="3">
    <subfield code="9">87773</subfield>
    <subfield code="a">Phaseolus coccineus</subfield>
    <subfield code="x">Emulsifying properties</subfield>
  </datafield>
  <datafield tag="650" ind1="1" ind2="3">
    <subfield code="9">87773</subfield>
    <subfield code="a">Phaseolus coccineus</subfield>
    <subfield code="x">Nutritive value</subfield>
  </datafield>
  <datafield tag="650" ind1="1" ind2="3">
    <subfield code="9">148398</subfield>
    <subfield code="a">Proteins  </subfield>
    <subfield code="x">Antihypertensive effect</subfield>
  </datafield>
  <datafield tag="650" ind1="1" ind2="3">
    <subfield code="9">148398</subfield>
    <subfield code="a">Proteins  </subfield>
    <subfield code="x">Antioxidant activity</subfield>
  </datafield>
  <datafield tag="700" ind1="1" ind2=" ">
    <subfield code="9">151810</subfield>
    <subfield code="a">Sandoval Castilla, Ofelia</subfield>
    <subfield code="e">directora</subfield>
  </datafield>
  <datafield tag="700" ind1="1" ind2=" ">
    <subfield code="9">161439</subfield>
    <subfield code="a">Hern&#xE1;ndez Rodr&#xED;guez, Blanca Elizabeth</subfield>
    <subfield code="e">asesora</subfield>
  </datafield>
  <datafield tag="700" ind1="1" ind2=" ">
    <subfield code="a">Aguirre Mandujano, Eleazar</subfield>
    <subfield code="e">asesor</subfield>
    <subfield code="9">3008</subfield>
  </datafield>
  <datafield tag="856" ind1=" " ind2=" ">
    <subfield code="u">http://10.13.5.2/tesis/tm/2022-ESTRADA_FABIAN_LILIA_LUCIA.pdf</subfield>
    <subfield code="z">DESCARGAR PDF</subfield>
  </datafield>
  <datafield tag="942" ind1=" " ind2=" ">
    <subfield code="c">TD</subfield>
  </datafield>
  <datafield tag="999" ind1=" " ind2=" ">
    <subfield code="c">219044</subfield>
    <subfield code="d">219044</subfield>
  </datafield>
  <datafield tag="952" ind1=" " ind2=" ">
    <subfield code="0">0</subfield>
    <subfield code="1">0</subfield>
    <subfield code="2">local</subfield>
    <subfield code="4">0</subfield>
    <subfield code="7">0</subfield>
    <subfield code="8">TesDigM</subfield>
    <subfield code="a">IA_</subfield>
    <subfield code="b">IA_</subfield>
    <subfield code="c">E_L</subfield>
    <subfield code="d">2023-07-18</subfield>
    <subfield code="e">El autor</subfield>
    <subfield code="l">0</subfield>
    <subfield code="p">1201013736</subfield>
    <subfield code="r">2023-07-18 00:00:00</subfield>
    <subfield code="w">2023-07-18</subfield>
    <subfield code="y">TD</subfield>
  </datafield>
  <datafield tag="952" ind1=" " ind2=" ">
    <subfield code="0">0</subfield>
    <subfield code="1">0</subfield>
    <subfield code="2">local</subfield>
    <subfield code="4">0</subfield>
    <subfield code="5">1</subfield>
    <subfield code="7">0</subfield>
    <subfield code="8">TesDigM</subfield>
    <subfield code="a">BD</subfield>
    <subfield code="b">BD</subfield>
    <subfield code="c">E_L</subfield>
    <subfield code="d">2025-02-27</subfield>
    <subfield code="l">0</subfield>
    <subfield code="o">Tesis digital</subfield>
    <subfield code="r">2025-02-27 09:06:56</subfield>
    <subfield code="w">2025-02-27</subfield>
    <subfield code="y">TD</subfield>
  </datafield>
</record>
